Ч. 2; Практическая фонетика английского языка

Detalhes bibliográficos
Parent link:Практическая фонетика английского языка: учебное пособие/ О. В. Комиссарова; Томский политехнический университет (ТПУ), Институт дистанционного образования (ИДО). Ч. 2.— , 2007
Resumo:Настоящее учебное пособие предназначено для студентов 2 курса специальности 031202 «Перевод и переводоведение» ИДО. Цель пособия - формирование и развитие навыков практической фонетики на основе теоретического и практического материала современной фонетики английского языка. Пособие включает несколько разделов. В первой части даны правила чтения английских гласных и сочетаний согласных. Следующий раздел пособия посвящен таким фонетическим явлениям как редукция и ассимиляция; словесному и фразовому ударению. Затем рассматриваются интонационные модели изучаемого языка. В заключительной части представлена стилистическая функция интонации. В каждый раздел включены разнообразные задания и упражнения на отработку и закрепления изучаемого материала. Пособие содержит два приложения: приложение 1 включает в себя диалоги, стихи на отработку материала; приложение 2 содержит тестовые задания, используемые для самоконтроля. Пособие разработано на кафедре лингвистики и межкультурной коммуникации ИЯК ТПУ.
Idioma:inglês
Publicado em: 2007
Assuntos:
Formato: MixedMaterials Livro
KOHA link:https://koha.lib.tpu.ru/cgi-bin/koha/opac-detail.pl?biblionumber=187990

MARC

LEADER 00000nam2a2200000 4500
001 187990
005 20231101224114.0
035 |a (RuTPU)RU\TPU\book\204045 
090 |a 187990 
100 |a 20101129d2007 m y0rusy50 ca 
101 0 |a eng 
102 |a RU 
105 |a y j 001zy 
200 0 |a Ч. 2 
210 |d 2007 
215 |a 95 с. 
320 |a Библиогр.: с. 94. 
330 |a Настоящее учебное пособие предназначено для студентов 2 курса специальности 031202 «Перевод и переводоведение» ИДО. Цель пособия - формирование и развитие навыков практической фонетики на основе теоретического и практического материала современной фонетики английского языка. Пособие включает несколько разделов. В первой части даны правила чтения английских гласных и сочетаний согласных. Следующий раздел пособия посвящен таким фонетическим явлениям как редукция и ассимиляция; словесному и фразовому ударению. Затем рассматриваются интонационные модели изучаемого языка. В заключительной части представлена стилистическая функция интонации. В каждый раздел включены разнообразные задания и упражнения на отработку и закрепления изучаемого материала. Пособие содержит два приложения: приложение 1 включает в себя диалоги, стихи на отработку материала; приложение 2 содержит тестовые задания, используемые для самоконтроля. Пособие разработано на кафедре лингвистики и межкультурной коммуникации ИЯК ТПУ. 
461 1 |0 (RuTPU)RU\TPU\book\204096  |t Практическая фонетика английского языка  |o учебное пособие  |o в 2 ч.  |f О. В. Комиссарова  |g Томский политехнический университет (ТПУ), Институт дистанционного образования (ИДО)  |v Ч. 2  |d 2007 
606 1 |a Английский язык  |x Учебные руководства и пособия для высшей школы  |x Пособия по фонетике  |2 stltpush  |3 (RuTPU)RU\TPU\subj\29072  |9 52484 
610 1 |a чтение 
610 1 |a редукция 
610 1 |a ассимиляция 
610 1 |a ударение 
610 1 |a стилистика 
610 1 |a упражнения 
610 1 |a труды учёных ТПУ 
610 1 |a дистанционное обучение 
610 1 |a заочное обучение 
686 |a Ш143.21-923.1  |v LBC/SL-A  |2 rubbk 
686 |a Ш143.21-98  |v LBC/SL-A  |2 rubbk 
801 1 |a RU  |b 63413507  |c 20101129 
801 2 |a RU  |b 63413507  |c 20160729  |g RCR 
942 |c BK